LEADER 01148nam--2200373---450- 001 990000320310203316 010 $a0-89603-609-X 035 $a0032031 035 $aUSA010032031 035 $a(ALEPH)000032031USA01 035 $a0032031 100 $a20010108d2000----km-y0itay0103----ba 101 $aeng 102 $aUS 105 $a||||||||001yy 200 1 $aMass spectrometry of proteins and peptides$fedited by John R. Chapman 210 $aNew Jersy$cHumana Press$dc2000 215 $aXIV, 538 p.$cill.$d25 cm 225 2 $aMethods in molecular biology 410 $12001$aMethods in molecular biology 610 0 $aChimica analitica$xMetodi spettogarfici di massa 610 0 $aSpettografia di massa 676 $a543.0873 702 1$aCHAPMAN,$bJohn R. 801 0$aIT$bsalbc$gISBD 912 $a990000320310203316 951 $a543.087 3 MAS$bCBS 0025322$c543.087$d00100281 959 $aBK 969 $aSCI 979 $aTAMI$b40$c20010108$lUSA01$h1648 979 $c20020403$lUSA01$h1640 979 $aPATRY$b90$c20040406$lUSA01$h1622 996 $aMass spectrometry of proteins and peptides$9377656 997 $aUNISA LEADER 00877cam0 22002653 450 001 SOB004835 005 20120529085118.0 010 $a8838420793 100 $a20040211d1994 |||||ita|0103 ba 101 $aita 102 $aIT 200 1 $aPreghiere selvatiche$fItalo Alighiero Chiusano$gPresentazione di Gianfranco Ravasi 210 $aCasale Monferrato [AL]$cPIEMME$d1994 215 $a158 p.$d22 cm 700 1$aChiusano$b, Italo Alighiero$3AF00005847$4070$0165220 702 1$aRavasi, Gianfranco$3AF00017213$4070 801 0$aIT$bUNISOB$c20120529$gRICA 850 $aUNISOB 852 $aUNISOB$j851$m88051 912 $aSOB004835 940 $aM 102 Monografia moderna SBN 941 $aM 957 $a851$b000402$gSI$d88051$racquisto$1carrano$2UNISOB$3UNISOB$420120529085004.0$520120529085102.0$6carrano 996 $aPreghiere selvatiche$91730557 997 $aUNISOB